000 01210nam a2200361 c 4500
999 _c166999
_d166999
003 BLK
005 20220228100039.0
008 180411b bul|||||r ||||||| ||bul||
010 _aKNG00174768000
040 _aBLK
041 _aBUL
_cBUL
072 7 _2bullib
_aН8400
_xБългарска поезия Н
072 7 _2bullib
_aК
_xКраезнание
072 7 _2bullib
_aРА
_xРусенски автори
080 _aБългарска литература
_b821.163.2
_x-1
_z821.163.2-1
100 1 _aТонева, Гиргина
_eпърви автор
_9300992
139 _aТонева, Гиргина
_bТ 72
245 1 0 _aМоята обич
_bЛирика
_cГиргина Тонева.
250 _a2. изд.
257 _aBGR
260 _bИзд. авт.
_c2014
300 _a107 с.
_bс цв. ил., портр.
_c21 см
380 _aX
500 _aСъдържа иза авт.
653 _aстихотворения
659 _aК
659 _aН
852 _aЦб 274056
852 _aК 821.163.2/Т 72 Г
856 4 _qpdf
856 4 _qpdf
942 _cKNG
_n0
_s1
944 _aCR
_c29.04.2015
_lф /
_kВиолета_Тройчева
944 _aED
_c23.11.2015
_lф /
_kЛюдмила_Стоянова
999 _d166999